000 00476nam a2200169Ia 4500
003 GCL
008 140319s9999 xx 000 0 ara d
040 _aGCL /
_cGCL
082 0 4 _aد
_b050
100 1 _aقدرى حافظ طوقان
245 1 0 _aالعيون فى العلم ( اقرا 75 ) /
_cقدرى حافظ طوقان
300 _a118 ص
490 _aوثائق ونصوص
_v0
650 0 4 _aالفلك
650 0 4 _aالاجهزة الفلكية
942 _2ddc
_cCF
999 _c27292
_d27292